000 00759nam a22002537a 4500
003 UA-OsUOA
001 55939
007 ta
008 20080924b un ||||| |||| 00| 0 ukr d
100 _aСвітличний О. О.
700 _aПлотницький С. В.
090 _a004.4:911(075.8)
_bС24
942 _cBK
040 _aUA-OsUOA
_bukr
_cUA-OsUOA
_dUA-OsUOA
245 _aОснови геоінформатики
_bНавч. посібник
300 _a295 с.
955 _a2
041 _aukr
080 _a004.4:911(075.8)
020 _a966-680-234-1
260 _aСуми
_bУніверситетська книга
_c2006
650 7 _a00 Загальні питання науки і культури
_2UDC
999 _c341846
_d341846